Taiwan Area Codes - Statistics

General Stats
  • This quiz has been taken 9 times
  • The average score is 6 of 18
Answers on the Map
Answers color-coded by a green-red scale on the quiz's map according to % correct below.
 
Answer Stats
Answer % Correct
(02)
50%
(03) 9
50%
(04) 2
(04) 3
50%
(049)
50%
(037)
33%
(03) 8
33%
(04) 7
(04) 8
33%
(06) 2
(06) 3
(06) 5
(06) 6
(06) 7
33%
(07)
33%
(0836)
33%
(08) 7
(08) 8
33%
(089)
33%
(03) 2
(03) 3
(03) 4
17%
(03) 5
(03) 6
17%
(05) 2
(05) 3
17%
(05) 5
(05) 6
(05) 7
17%
(06) 9
17%
(082)
17%
No matching quizzes found
Score Distribution
Percent of People with Each Score
Percentile by Number Answered
Your Score History
You have not taken this quiz